00277nam a22001097a 4500008004100000020001800041041000800059080000800067100000700075101000800082245007700090180918b xxu||||| |||| 00| 0 eng d a9780471015871 aeng a370 a47 aEDU aListening The Forgotten Skills A self Teaching GuidecAllen.M.B